Studies on an acidic phospholipase A2 from ophiophagus hannah (king cobra) venom /
محفوظ في:
| المؤلف الرئيسي: | |
|---|---|
| التنسيق: | أطروحة كتاب |
| اللغة: | English |
| منشور في: |
1997.
|
| الموضوعات: | |
| الوسوم: |
إضافة وسم
لا توجد وسوم, كن أول من يضع وسما على هذه التسجيلة!
|
| LEADER | 00851cam a2200253 a 4500 | ||
|---|---|---|---|
| 001 | u432980 | ||
| 003 | SIRSI | ||
| 008 | 981209s1997 si v 0 eng | ||
| 035 | |a ACG-2907 | ||
| 040 | |a UMP | ||
| 096 | |a QU136 |b Hua 1997 | ||
| 100 | 1 | 0 | |a Huang, Minzhou. |
| 245 | 1 | 0 | |a Studies on an acidic phospholipase A2 from ophiophagus hannah (king cobra) venom / |c Huang Minzhou. |
| 260 | 0 | |c 1997. | |
| 300 | |a xiii, 227 leaves : |b ill. part col.; |c 30 cm. | ||
| 500 | 0 | 2 | |a A thesis submitted for the Degree of Doctor of Philosophy. |
| 502 | 0 | 0 | |a Thesis (Ph.D) - National University of Singapore, 1997. |
| 504 | |a Bibliography: p. 210-227 | ||
| 650 | 0 | 2 | |a Venoms. |
| 650 | 0 | 2 | |a Phospholipases A |
| 650 | 0 | 2 | |a Animal, Poisonous |
| 948 | |a 17/12/1998 |b 25/06/1999 | ||
| 596 | |a 2 | ||
| 999 | |a QU136 HUA 1997 |w LC |c 1 |i A502759715 |l STACKS |m P02MEDKL |r Y |s Y |t TESIS |u 25/6/1999 | ||
